Kumar Sanu ke yaadgar nagme (Record no. 663)

MARC details
000 -LEADER
fixed length control field 00747 a2200205 4500
008 - FIXED-LENGTH DATA ELEMENTS--GENERAL INFORMATION
fixed length control field 080820t xxu||||| |||| 00| 0 eng d
010 ## - LIBRARY OF CONGRESS CONTROL NUMBER
LC control number ENG-84892
020 ## - INTERNATIONAL STANDARD BOOK NUMBER
International Standard Book Number 818983505X
Terms of availability 175.00
035 ## - SYSTEM CONTROL NUMBER
System control number EN-68425
037 ## - SOURCE OF ACQUISITION
Source of stock number/acquisition D.B.Act / Pub
082 ## - DEWEY DECIMAL CLASSIFICATION NUMBER
Classification number 782.42
100 ## - MAIN ENTRY--PERSONAL NAME
Personal name Neeraj Dayal
245 ## - TITLE STATEMENT
Title Kumar Sanu ke yaadgar nagme
Statement of responsibility, etc by Neeraj Dayal
250 ## - EDITION STATEMENT
Edition statement 1st ed.
260 ## - PUBLICATION, DISTRIBUTION, ETC. (IMPRINT)
Place of publication, distribution, etc New Delhi :
Name of publisher, distributor, etc Dev Books
Date of publication, distribution, etc 2007
270 ## - ADDRESS
Address 11-B, Court Road
City Delhi
State or province Delhi
Postal code 110054
Electronic mail address devbooks@vsnl.net
300 ## - PHYSICAL DESCRIPTION
Extent 100 p. :
Dimensions 22 cm. (Pbk)
942 ## - ADDED ENTRY ELEMENTS (KOHA)
Institution code [OBSOLETE] dpl
Koha item type English Books
Call number prefix 782.42 / NEE
Source of classification or shelving scheme Dewey Decimal Classification
Classification part 782.42
Call number suffix NEE
Holdings
Withdrawn status Lost status Damaged status Not for loan Home library Current library Date acquired Cost, normal purchase price Total Checkouts Full call number Barcode Date last seen Copy number Uniform Resource Identifier Cost, replacement price Price effective from Koha item type
        D.B.Act.Division D.B.Act.Division 20/08/2008 175.00   782.42 NEE EN-68425 15/09/2008 1 645 175.00 15/09/2008 English Books

© Delhi Public Library
Hit Counter
free hit counter